000 00677nam a22001817a 4500
005 20251108175143.0
008 250721s2013 xx 000 0 ara d
082 1 4 _aم/216.9242/قحط
100 1 _aالقحطاني، فواز محمد
245 1 0 _aالقواعد و الضوابط الفقهية المؤثرة في المعاملات المصرفية الإسلامية /
264 1 _aبيروت :
_bمؤسسة الرسالة ناشرون،
_c2013.
300 _a2ج.
650 1 7 _aالفقه الاسلامي
650 1 7 _aالاقتصاد الاسلامي
650 1 7 _aالمصارف الاسلامية ( البنوك )
942 _2ddc
_cREF
999 _c127439
_d127439